<?xml version="1.0" encoding="UTF-8"?>
<record
    xmlns:xsi="http://www.w3.org/2001/XMLSchema-instance"
    xsi:schemaLocation="http://www.loc.gov/MARC21/slim http://www.loc.gov/standards/marcxml/schema/MARC21slim.xsd"
    xmlns="http://www.loc.gov/MARC21/slim">

  <leader>01130nam a2200265 i 4500</leader>
  <controlfield tag="001">42436</controlfield>
  <controlfield tag="003">ES-MaACL</controlfield>
  <controlfield tag="005">20250821063019.0</controlfield>
  <controlfield tag="007">t|</controlfield>
  <controlfield tag="008">151207s2011    sp           ||||1| spa d</controlfield>
  <datafield tag="080" ind1=" " ind2=" ">
    <subfield code="a">74 Kovatchev, Valentin (083.824)</subfield>
  </datafield>
  <datafield tag="080" ind1=" " ind2=" ">
    <subfield code="a">75 Kovatchev, Valentin (083.824)</subfield>
  </datafield>
  <datafield tag="080" ind1=" " ind2=" ">
    <subfield code="a">76 Kovatchev, Valentin (083.824)</subfield>
  </datafield>
  <datafield tag="100" ind1="1" ind2=" ">
    <subfield code="a">Kovatchev, Valentin, </subfield>
    <subfield code="d">1953-</subfield>
    <subfield code="9">157915</subfield>
  </datafield>
  <datafield tag="245" ind1="1" ind2="0">
    <subfield code="a">Dos almas, una esencia : </subfield>
    <subfield code="b">del 25 de mayo al 25 de junio de 2011 : Sala de Exposiciones del Rectorado, Universidad de M&#xE1;laga / </subfield>
    <subfield code="c">Valentin Kovatchev ; [comisariado, Rosario Escobar Segovia].</subfield>
  </datafield>
  <datafield tag="260" ind1=" " ind2=" ">
    <subfield code="a">[M&#xE1;laga] : </subfield>
    <subfield code="b">Universidad de M&#xE1;laga, Vicerrectorado de Cultura y Relaciones Institucionales, </subfield>
    <subfield code="c">[ 2011]</subfield>
  </datafield>
  <datafield tag="300" ind1=" " ind2=" ">
    <subfield code="a">77 p. : </subfield>
    <subfield code="b">il. col. y n. ; </subfield>
    <subfield code="c">28 x 24 cm.</subfield>
  </datafield>
  <datafield tag="600" ind1="1" ind2="7">
    <subfield code="a">Kovatchev, Valentin, </subfield>
    <subfield code="d">1953- </subfield>
    <subfield code="v">Exposiciones</subfield>
    <subfield code="2"></subfield>
    <subfield code="9">157916</subfield>
  </datafield>
  <datafield tag="655" ind1=" " ind2="7">
    <subfield code="2">tgfbne</subfield>
    <subfield code="9">193628</subfield>
    <subfield code="a">Cat&#xE1;logos de exposiciones</subfield>
  </datafield>
  <datafield tag="700" ind1="1" ind2=" ">
    <subfield code="a">Escobar Segovia, Rosario.</subfield>
    <subfield code="9">158284</subfield>
  </datafield>
  <datafield tag="710" ind1="2" ind2=" ">
    <subfield code="a">Universidad de M&#xE1;laga.</subfield>
    <subfield code="9">7219</subfield>
  </datafield>
  <datafield tag="852" ind1=" " ind2=" ">
    <subfield code="a">ES-MaACL</subfield>
    <subfield code="j">A-13461</subfield>
    <subfield code="9">44002</subfield>
    <subfield code="b">R.150540</subfield>
    <subfield code="c">DEPO1</subfield>
    <subfield code="d">Olim: N-6461</subfield>
  </datafield>
  <datafield tag="942" ind1=" " ind2=" ">
    <subfield code="2">udc</subfield>
  </datafield>
  <datafield tag="999" ind1=" " ind2=" ">
    <subfield code="c">42436</subfield>
    <subfield code="d">42436</subfield>
  </datafield>
  <datafield tag="952" ind1=" " ind2=" ">
    <subfield code="0">0</subfield>
    <subfield code="1">0</subfield>
    <subfield code="2">udc</subfield>
    <subfield code="4">0</subfield>
    <subfield code="7">0</subfield>
    <subfield code="a">ATENEOM</subfield>
    <subfield code="b">ATENEOM</subfield>
    <subfield code="c">DEPO1</subfield>
    <subfield code="d">2015-12-07</subfield>
    <subfield code="e">DONACION</subfield>
    <subfield code="l">0</subfield>
    <subfield code="o">A-13461</subfield>
    <subfield code="p">1194551</subfield>
    <subfield code="r">2023-02-23 00:00:00</subfield>
    <subfield code="w">2023-02-23</subfield>
    <subfield code="y">MONOGRAFIA</subfield>
  </datafield>
</record>
